| 000 | 00874cam a2200313 a 4500 | ||
|---|---|---|---|
| 001 | 22402 | ||
| 003 | SK-KTurca | ||
| 005 | 20260327152424.0 | ||
| 008 | 240314s2011 xo g 000 f slo | ||
| 015 | _aSNBA2012/04-02150 | ||
| 020 |
_a9788055127033 _q(viaz.) |
||
| 035 | _aB3783CA5-7F06-40A5-A3E0-6DDFC62C5334 | ||
| 035 | _aurn:nbn:sk:snk-amjj11 | ||
| 035 | _aurn:nbn:sk:snk-am000x6f | ||
| 040 |
_aPPPK _bslo _cPPPK _dSNK _eAACR2 |
||
| 041 | 0 | _aslo | |
| 044 |
_axo _cSK |
||
| 072 | 7 |
_a821.162.4-3 _xSlovenská próza _2konspekt |
|
| 080 |
_a821.162.4-31 _22001 |
||
| 100 | 1 |
_aDedinská, Eva _4aut |
|
| 245 | 1 | 0 |
_aAž na dno _cEva Dedinská |
| 250 | _a[1. vyd.] | ||
| 260 |
_aBratislava _bIkar _c2011 |
||
| 300 |
_a261 s. _c21 cm |
||
| 655 | 7 |
_aslovenské romány _2SNKPH |
|
| 655 | 7 |
_aSlovak fiction _2SNKPHeng |
|
| 942 |
_2ddc _cKLDO _n0 |
||
| 980 | _a821.162.4-31 | ||
| 999 |
_c22402 _d22402 |
||